Frank Langella Filmography - Statistics

General Stats
  • This quiz has been taken 9 times
    7 since last reset
  • The average score is 36 of 156
Answer Stats
Type Year Name % Correct
Theater 2006-2007 Frost/Nixon
67%
Film 2008 Frost/Nixon
67%
TV Show 2018-2020 Kidding
67%
TV Show 2015-2017 The Americans
67%
Theater 1996, 1998, 2016 The Father
67%
Film 2020 The Trial of the Chicago 7
67%
TV Mini-Series 2006 10.5: Apocalypse
33%
Film 1992 1492: Conquest of Paradise
33%
Film 2014 5 to 7
33%
Theater 1968-1969 A Cry of Players
33%
Theater 1977, 1984 After the Fall
33%
Film 1998 Alegría
33%
Film 2010 All Good Things
33%
Theater 1982 Amadeus
33%
Theater 1964, 2008 A Man for All Seasons
33%
Film 1988 And God Created Woman
33%
Film 2022 Angry Neighbors
33%
Film 2005 Back in the Day
33%
Film 1995 Bad Company
33%
Film 1993 Body of Evidence
33%
Theater 1994 Booth
33%
Film 1994 Brainscan
33%
Film 2016 Captain Fantastic
33%
TV Film 2000 CryBaby Lane
33%
Film 1995 Cutthroat Island
33%
Theater 1971, 1980, 1997-1998 Cyrano de Bergerac
33%
Film 1993 Dave
33%
Theater 1984-1985 Design for Living
33%
Video Game 2017 Destiny 2
33%
Video Game 2022 Destiny 2: The Witch Queen
33%
Film 1970 Diary of a Mad Housewife
33%
TV Film 1994 Doomsday Gun
33%
Theater 1977-1980 Dracula
33%
Film 1979 Dracula
33%
Film 2014 Draft Day
33%
Film 1996 Eddie
33%
Theater 2002 Fortune's Fool
33%
Theater 1965 Good Day
33%
Film 2005 Good Night, and Good Luck
33%
Film 2014 Grace of Monaco
33%
TV Show 1975, 1976, 1977, 2004 Great Performances
33%
Film 2004 House of D
33%
Film 2005 How You Look to Me
33%
Theater 1984-1985 Hurlyburly
33%
Film 1998 I'm Losing You
33%
TV Mini-Series 2000 Jason and the Argonauts
33%
Film 1994 Junior
33%
Film 2014 Kahlil Gibran's The Prophet
33%
TV Show 2005-2006 Kitchen Confidential
33%
Film 1997 Lolita
33%
TV Show 1973 Love Story
33%
Theater 2011 Man and Boy
33%
Theater 2004 Match
33%
TV Show 1993 Monkey House
33%
TV Mini-Series 1995 Moses
33%
TV Film 2013 Muhammad Ali's Greatest Fight
33%
Film 2014 Muppets Most Wanted
33%
TV Show 1967 NET Playhouse
33%
Film 2014 Noah
33%
Documentary 2008 Objects and Memory
33%
Film 2013 Parts per Billion
33%
Theater 1983 Passion
33%
Theater 1980 Passione
33%
Theater 1996-1997 Present Laughter
33%
Film 2006 Return to Rajapur
33%
Film 2012 Robot & Frank
33%
Theater 1975 Seascape
33%
Theater 1977 Sherlock Holmes
33%
TV Film 1981 Sherlock Holmes
33%
Theater 1987 Sherlock's Last Case
33%
Film 1998 Small Soldiers
33%
Film 1981 Sphinx
33%
TV Show 1981 Standing Room Only
33%
Film 2007 Starting Out in the Evening
33%
Film 2006 Superman Returns
33%
Film 2001 Sweet November
33%
TV Show 2001 The Beast
33%
Film 2009 The Box
33%
Film 2008 The Caller
33%
Film 1971 The Deadly Trap
33%
Film 2015 The Driftless Area
33%
Theater 1963 The Immoralist
33%
Documentary Series 2002 The Living Edens
33%
TV Film 1974 The Mark of Zorro
33%
Film 1986 The Men's Club
33%
Film 1999 The Ninth Gate
33%
Film 2006 The Novice
33%
Theater 1964 The Old Glory
33%
Theater 1976 The Prince of Homburg
33%
Theater 1974 The Seagull
33%
Film 2008 The Tale of Despereaux
33%
Theater 1989 The Tempest
33%
Film 2012 The Time Being
33%
Film 1970 The Twelve Chairs
33%
Theater 1965-1966 The White Devil
33%
Film 1972 The Wrath of God
33%
Film 1980 Those Lips, Those Eyes
33%
Film 1991 True Identity
33%
Film 2011 Unknown
33%
TV Show 2005 Unscripted
33%
Film 2010 Wall Street: Money Never Sleeps
33%
Theater 1966-1967 Yerma
33%
Film 2016 Youth in Oregon
33%
TV Film 2003 111 Gramercy Park
0%
Theater 2000 A Christmas Carol
0%
TV Show 1970 Actor's Choice
0%
TV Film 2016 All the Way
0%
TV Show 2018 American Dad!
0%
Documentary Series 1989, 1994, 2016 American Masters
0%
Theater 1972-1973 A Midsummer Night's Dream
0%
Theater 1965 Arms and the Man
0%
Theater 1964 A View from a Bridge
0%
Theater 1991 Booth Is Back
0%
TV Film 2006 Capitol Law
0%
TV Show 1988 CBS Summer Playhouse
0%
Video Game 2023 Destiny 2: Lightfall
0%
Short Documentary 2014 Frank Langella: An Actor's Actor
0%
Documentary 2012 Genius on Hold
0%
TV Film 1983 I, Leonardo: A Journey of the Mind
0%
TV Documentary 2003 Inside 'High Noon'
0%
Documentary 2018 Inside High Noon Directors Cut
0%
TV Film 1999 Kilroy
0%
Theater 2013-2014 King Lear
0%
TV Special 2011 Koppel/Langella: One on One
0%
TV Show 2003 Law & Order: Special Victims Unit
0%
Theater 1988 Les Liaisons Dangereuses
0%
TV Film 1986 Liberty
0%
TV Documentary 1992 Lincoln
0%
TV Show 1973 Mannix
0%
TV Show 1973 Marcus Welby, M.D.
0%
Film TBA Martyrs' Crossing
0%
TV Film 2010 Medium Raw: Night of the Wolf
0%
TV Film 2011 Miraculous Year
0%
Documentary Mini-Series 1996 Mummies: Tales from the Egyptian Crypts
0%
TV Show 1967 NBC Experiment in Television
0%
TV Film 2005 Now You See It...
0%
Theater 1975 Ring Round the Moon
0%
Theater 1993 Scenes from an Execution
0%
TV Show 1993 Star Trek: Deep Space Nine
0%
Documentary Mini-Series 1997 Stephen Hawking's Universe
0%
TV Show 1976 Swiss Family Robinson
0%
TV Documentary 1976 The American Woman: Portraits of Courage
0%
TV Film 1969 The Choice
0%
Theater 1965 The Exhaustion of Our Son's Love
0%
Theater 1964 The Fantasticks
0%
Documentary Series 1997 The Greatest Pharaohs
0%
Documentary Series 1990 The Infinite Voyage
0%
TV Mini-Series 1974 The Lives of Benjamin Franklin
0%
Short Film 1990 The Magic Balloon
0%
Theater 1972-1973 The Relapse
0%
Theater 1973 The Second Man
0%
Theater 1965 The Three Sisters
0%
TV Show 1965 The Trials of O'Brien
0%
TV Film 2006 The Water Is Wide
0%
Theater 1961 Under the Yum Yum Tree
0%
Theater 1965 Who's Afraid of Virginia Woolf?
0%
No matching quizzes found
Score Distribution
Percent of People with Each Score
Percentile by Number Answered
Your Score History
You have not taken this quiz since the last reset